000 00375nam a2200109Ia 4500
008 171204s9999 xx 000 0 und d
245 4 _aThe Insect Cookbook: Food for a Sustainable Planet
245 _cArnold van Huis, Henk van Gurp, and Marcel Dicke
260 _c2014
650 _xCulinary Arts & Sciences with Lab
856 _uhttp://down.ebook777.com/045/0231166842IC.pdf
999 _c346639
_d346639